000 00432nam a2200169Ia 4500
008 221030s9999 xx 000 0 und d
020 _a8131509630
041 _aEnglish
082 _a105.23
100 _aR. D. Ireland
245 0 _aStrategic Management
_cby R. D. Ireland, R. E. Hoskisson
260 _bCengage Learning
_aNew Delhi
_c2011
300 _a594
650 _aManagement
700 _aR. E. Hoskisson
942 _cBK
999 _c10105
_d10105